|
|
|
|
| LEADER |
01073nam a2200241 u 4500 |
| 001 |
10114695 |
| 003 |
GR-PaULI |
| 005 |
20240805093905.0 |
| 008 |
141222s1980 gr p gre |
| 952 |
|
|
|0 0
|1 0
|2 ddc
|4 0
|6 841_914000000000000_PRE
|7 0
|9 368770
|a LISP
|b LISP
|c DON
|d 2023-02-13
|e ΠΑΤ
|i 149463
|l 0
|o 841.914 PRE
|p 025000276844
|r 2023-02-13 00:00:00
|t 1
|w 2023-02-13
|y BKN
|
| 999 |
|
|
|c 215493
|d 215493
|
| 040 |
|
|
|a GR-PaULI
|c GR-PaULI
|b gre
|e AACR2
|
| 041 |
1 |
|
|a gre
|h fre
|
| 082 |
1 |
4 |
|a 841.914
|2 23
|
| 100 |
1 |
|
|a Prevert, Jacques,
|d 1900-1977
|e συγγραφέας.
|9 26950
|
| 245 |
1 |
0 |
|a Πρεβέρ :
|b Επιλογή από το έργο του /
|c μετάφραση Δημήτρης Καλοκύρης.
|
| 260 |
|
|
|a Αθήνα :
|b Η Μικρή Εγνατία,
|c 1980.
|
| 300 |
|
|
|a 63 σ. ;
|c 20 εκ.
|
| 490 |
1 |
|
|a Οι ποιητές του κόσμου
|
| 700 |
1 |
|
|9 34348
|a Καλοκύρης, Δημήτρης Κ.,
|d 1948-
|e μεταφραστής.
|
| 830 |
|
0 |
|a Ποιητές του κόσμου (Καστανιώτης)
|9 195499
|
| 942 |
|
|
|2 ddc
|c BK
|
| 998 |
|
|
|c ΜΠΟΥΡΑΣ
|d 2023-02
|